000 00638nja a2200193 a 4500
003 BLK
005 20180421003226.0
008 180414c bul|r|ner|||| 00| c0bul d
010 _aNOT00000005001
040 _aBLK
100 1 _aБалакирев, Милий Алексеевич
_eпърви автор
_935873
245 1 0 _aПолька
_cМилий Алексеевич Балакирев.
257 _aRUS
380 _a7
773 _0296357
_9646648
_aБалакирев, Милий Алексеевич
_tЧувство. Простодушие
852 _aЦб М ІІ 4718
942 _cNOT
_n0
944 _aCR
_c
_kИрена_Линкова
944 _aED
_c06.02.2006
_k
999 _c296358
_d296358